000
00264pab a2200109 454500
008
180718b xxu||||| |||| 00| 0 eng d
100
_a
Abdullah, Hasan
245
_a
Goal of education: towards better schools
650
_a
Education
773
_a
Statesman
909
_a
2418
999
_c
2418
_d
2418